[Event "Lichtenrader Herbst"]
[Site "Berlin"]
[Date "2018.11.04"]
[Round "9.18"]
[White "Noetzel, Felix"]
[Black "Fenske, Nils"]
[Result "1/2-1/2"]
[WhiteElo "2216"]
[BlackElo "1957"]
[PlyCount "142"]
[EventDate "2018.??.??"]
[WhiteTeam "SF Berlin 1903 e.V."]
[BlackTeam "SVG Läufer Reinickendorf e.V."]

1. e4 d6 2. d4 Nf6 3. Nc3 g6 4. Be3 c6 5. f3 Nbd7 6. Qd2 b5 7. h4 Nb6 8. b3 a6
9. g4 h5 10. g5 Nfd7 11. f4 Bg7 12. Bg2 Rb8 13. e5 b4 14. Ne4 Nd5 15. Bf2 N7b6
16. Ne2 Be6 17. O-O Qd7 18. a3 a5 19. axb4 axb4 20. Kh2 O-O 21. Nc1 Rfd8 22.
Nd3 Nc8 23. Ra4 Qb7 24. Rfa1 Bd7 25. Ra5 Qc7 26. Be1 Kh8 27. Qf2 Bf5 28. Bd2 e6
29. exd6 Nxd6 30. Nec5 Bxd3 31. Nxd3 Nb5 32. Ne5 c5 33. dxc5 Nxf4 34. Bxf4 Bxe5
35. Bxe5+ Qxe5+ 36. Kh1 Qd4 37. Qxd4+ Rxd4 38. Ra8 Rdd8 39. Rxb8 Rxb8 40. c6
Kg7 41. Ra4 Nc7 42. Ra7 Rc8 43. Ra5 Kf8 44. c3 bxc3 45. Rc5 Nd5 46. Rc4 Ke7 47.
b4 Kd6 48. b5 Kc7 49. Bxd5 exd5 50. Rxc3 Rb8 51. Rc5 d4 52. Kg2 d3 53. Kf2 d2
54. Ke2 Rd8 55. Kd1 Kb6 56. Re5 Rd4 57. Re8 Kc7 58. Re7+ Kd8 59. Rxf7 Rb4 60.
Rb7 Rb2 61. b6 Kc8 62. Ke2 Rc2 63. Rc7+ Kb8 64. Kd1 Rb2 65. Rg7 Rxb6 66. Rxg6
Rb4 67. Kxd2 Rxh4 68. Ke3 Kc7 69. Kf3 Rg4 70. Ke3 Kb6 71. Kf2 Kc7 1/2-1/2

[Event "Lichtenrader Herbst"]
[Site "Berlin"]
[Date "2018.11.04"]
[Round "9.19"]
[White "Kornitzky, Tino"]
[Black "Woerz, Markus"]
[Result "0-1"]
[WhiteElo "2189"]
[BlackElo "1996"]
[PlyCount "89"]
[EventDate "2018.??.??"]
[WhiteTeam "FC Bayern München e.V."]
[BlackTeam "SC Kreuzberg e.V."]

1. d4 Nf6 2. c4 c5 3. d5 b5 4. cxb5 a6 5. bxa6 g6 6. Nc3 Bxa6 7. e4 Bxf1 8.
Kxf1 d6 9. Nf3 Bg7 10. g3 Nbd7 11. Kg2 O-O 12. a4 Ra6 13. Qc2 Qa8 14. Ra3 Rc8
15. b3 Ng4 16. h3 Nge5 17. Nxe5 Nxe5 18. f4 Nd7 19. Nb5 e6 20. dxe6 fxe6 21.
Re1 Nf6 22. Kh2 d5 23. exd5 exd5 24. Bb2 Qc6 25. Raa1 Qd7 26. Rad1 Re6 27. Be5
Ne8 28. Qd3 Rd8 29. Nc3 Bxe5 30. fxe5 Nc7 31. Ne4 Qe7 32. Nf6+ Kg7 33. Qe3 c4
34. bxc4 dxc4 35. Ng4 Nd5 36. Qh6+ Kh8 37. Rf1 Kg8 38. Rxd5 Rxd5 39. Nf6+ Rxf6
40. exf6 Qf7 41. Re1 Rd8 42. Qg5 c3 43. Rc1 Rd2+ 44. Kg1 Qa7+ 45. Kh1 0-1

[Event "Lichtenrader Herbst"]
[Site "Berlin"]
[Date "2018.11.04"]
[Round "9.20"]
[White "Verbitsky, Jaroslaw"]
[Black "Roehr, Tobias"]
[Result "0-1"]
[WhiteElo "1934"]
[BlackElo "2190"]
[PlyCount "42"]
[EventDate "2018.??.??"]
[WhiteTeam "SV Mattnetz Berlin e.V."]
[BlackTeam "SG Aufbau Elbe Magdeburg"]

1. e4 c5 2. Nf3 e6 3. d4 cxd4 4. Nxd4 Nc6 5. Nc3 Qc7 6. g3 a6 7. Bg2 Nf6 8. O-O
Be7 9. Re1 d6 10. Nxc6 bxc6 11. e5 dxe5 12. Rxe5 O-O 13. Bf4 Bd6 14. Rxe6 Bxf4
15. Rxc6 Qb8 16. gxf4 Bg4 17. Qc1 Re8 18. Rxf6 gxf6 19. Bxa8 Qxa8 20. Qd2 Bf3
21. Nd1 Qd5 0-1

[Event "Lichtenrader Herbst"]
[Site "Berlin"]
[Date "2018.11.04"]
[Round "9.21"]
[White "Bornschein, Burkhard"]
[Black "Cusnariov, Nikolai"]
[Result "1/2-1/2"]
[WhiteElo "1988"]
[BlackElo "2165"]
[PlyCount "53"]
[EventDate "2018.??.??"]
[WhiteTeam "BSC Rehberge 1945 e.V."]
[BlackTeam "USV Potsdam e.V., Abt. Schach"]

1. d4 d5 2. Nf3 Nf6 3. c4 e6 4. Nc3 Be7 5. Bg5 O-O 6. e3 h6 7. Bh4 b6 8. cxd5
exd5 9. Ne5 Bb7 10. Bd3 Nbd7 11. f4 Nxe5 12. fxe5 Ne4 13. Bxe7 Qxe7 14. O-O
Nxc3 15. bxc3 f6 16. Qh5 fxe5 17. dxe5 Qg5 18. Qg6 Qxg6 19. Bxg6 Ba6 20. Rf4
Rxf4 21. exf4 Kf8 22. Kf2 Ke7 23. g4 Rd8 24. Rd1 Ke6 25. Bf5+ Ke7 26. Bg6 Ke6
27. Bf5+ 1/2-1/2

[Event "Lichtenrader Herbst"]
[Site "Berlin"]
[Date "2018.11.04"]
[Round "9.22"]
[White "Sulayev, Daniel"]
[Black "Schmidt, Juergen"]
[Result "1-0"]
[WhiteElo "2007"]
[BlackElo "1901"]
[PlyCount "55"]
[EventDate "2018.??.??"]
[WhiteTeam "SV Empor Berlin e.V."]
[BlackTeam "SC Kreuzberg e.V."]

1. e4 e5 2. Nf3 Nc6 3. Bc4 Bc5 4. O-O Nf6 5. d4 Bxd4 6. Nxd4 exd4 7. e5 d5 8.
exf6 dxc4 9. fxg7 Rg8 10. Re1+ Be6 11. Qh5 Qf6 12. Bg5 Qg6 13. Qxg6 hxg6 14.
Bf6 Nb4 15. Na3 c5 16. c3 Nd3 17. Re4 Kd7 18. cxd4 Rae8 19. dxc5 Nxc5 20. Rh4
g5 21. Rd4+ Kc6 22. Nxc4 Bxc4 23. Rxc4 Kb5 24. b3 Ne4 25. Bd4 f6 26. Rc7 Ka6
27. f3 Rd8 28. Rd1 1-0

[Event "Lichtenrader Herbst"]
[Site "Berlin"]
[Date "2018.11.04"]
[Round "9.23"]
[White "Schulz, Stefan"]
[Black "Fartmann, Oliver"]
[Result "0-1"]
[WhiteElo "1902"]
[BlackElo "2014"]
[PlyCount "50"]
[EventDate "2018.??.??"]
[WhiteTeam "SV Görlitz 1990"]
[BlackTeam "SV Mattnetz Berlin e.V."]

1. e4 c5 2. Nf3 e6 3. d4 cxd4 4. Nxd4 Qb6 5. Nb5 a6 6. Be3 Qa5+ 7. N5c3 Nf6 8.
Bd3 d6 9. f4 Nbd7 10. Nd2 b5 11. Nb3 Qc7 12. g4 b4 13. Nb1 Bb7 14. N1d2 d5 15.
e5 d4 16. exf6 Bxh1 17. Nxd4 Nxf6 18. Qe2 Bb7 19. O-O-O Be7 20. N2f3 Nxg4 21.
Rg1 Nxe3 22. Qxe3 g6 23. Ne5 Bc5 24. Nxg6 hxg6 25. Bxg6 O-O-O 0-1

[Event "Lichtenrader Herbst"]
[Site "Berlin"]
[Date "2018.11.04"]
[Round "9.24"]
[White "Spors, Carl Philip"]
[Black "Pueschel, Werner"]
[Result "1/2-1/2"]
[WhiteElo "1868"]
[BlackElo "2056"]
[PlyCount "167"]
[EventDate "2018.??.??"]
[WhiteTeam "SG Lasker Stegli"]
[BlackTeam "SG Lasker Stegli"]

1. e4 d5 2. exd5 Qxd5 3. Nc3 Qd6 4. d4 Nf6 5. Nf3 a6 6. g3 Bg4 7. h3 Bxf3 8.
Qxf3 c6 9. Be3 e6 10. Bg2 Be7 11. O-O O-O 12. Rad1 Nbd7 13. Ne2 Nd5 14. Bc1 b5
15. b3 N7b6 16. c3 a5 17. Qd3 Qd7 18. a3 Ra7 19. c4 Nc7 20. a4 bxa4 21. bxa4
Rb8 22. Nc3 Bb4 23. Ne4 Nxa4 24. Ng5 g6 25. Ne4 Be7 26. Qc2 Nb6 27. Qc3 Ne8 28.
Nc5 Qc8 29. Ne4 Qa6 30. Bf4 Rc8 31. Rc1 a4 32. Rfd1 a3 33. Bf1 Qa4 34. Be3 Bb4
35. Qa1 Rb7 36. Rb1 Nd7 37. Rd3 Rbb8 38. Bf4 Ra8 39. Rdb3 Bf8 40. Rb7 Ra7 41.
Qa2 Rca8 42. Be3 Rxb7 43. Rxb7 Ra7 44. Rxa7 Qxa7 45. d5 Qb7 46. dxe6 fxe6 47.
c5 Ng7 48. Qxa3 Qb1 49. Nd6 Nf5 50. Nxf5 Qxf5 51. Qa8 Nxc5 52. Qxc6 Qe4 53. Qc8
Qb7 54. Qxb7 Nxb7 55. Bc4 Kf7 56. Kg2 Nd6 57. Bb3 Nf5 58. Bb6 Bd6 59. f4 Ne7
60. Bd4 Nf5 61. Bb2 h5 62. Kf3 Bc5 63. Ba2 Bb4 64. g4 hxg4+ 65. hxg4 Ne7 66.
Ke4 Bd6 67. Bd4 Bc7 68. Be5 Ba5 69. Kf3 Nc6 70. Bb2 Ne7 71. Kg2 Bc7 72. Kf3 Bd6
73. Ke4 Bc7 74. Be5 Bb6 75. Kd3 Bf2 76. Kc4 Bg3 77. g5 Nd5 78. Kc5 Nxf4 79. Kd6
Nh5 80. Bxe6+ Kf8 81. Bg4 Bxe5+ 82. Kxe5 Kg7 83. Bxh5 gxh5 84. Kf5 1/2-1/2

[Event "Lichtenrader Herbst"]
[Site "Berlin"]
[Date "2018.11.04"]
[Round "9.25"]
[White "Guder, Sibylle"]
[Black "Bolk, Matthias"]
[Result "1-0"]
[WhiteElo "1819"]
[BlackElo "2080"]
[PlyCount "107"]
[EventDate "2018.??.??"]
[WhiteTeam "SF Berlin 1903 e.V."]
[BlackTeam "SC Kreuzberg e.V."]

1. e4 d6 2. d4 g6 3. Nf3 Bg7 4. Bd3 Bg4 5. c3 c5 6. dxc5 dxc5 7. Bb5+ Nd7 8. h3
Bxf3 9. Qxf3 a6 10. Bxd7+ Qxd7 11. Na3 Qc6 12. O-O Nf6 13. Re1 O-O 14. Bg5 h6
15. Bh4 g5 16. Bg3 b5 17. Nc2 Rfd8 18. Qe2 Rd7 19. e5 Nd5 20. e6 Qxe6 21. Qxe6
fxe6 22. Rxe6 Nf4 23. Bxf4 gxf4 24. Rae1 Rd2 25. R1e2 Rxe2 26. Rxe2 Kf7 27. Ne1
Rd8 28. Nf3 Rd1+ 29. Kh2 Rd5 30. Nd2 c4 31. Kg1 a5 32. a4 b4 33. cxb4 axb4 34.
Nxc4 Rd1+ 35. Kh2 b3 36. Nd2 Ra1 37. Nxb3 Rxa4 38. Nc5 Rb4 39. Nd3 Rd4 40. Ne5+
Kf6 41. Nc6 Rd7 42. b4 Rb7 43. Re4 Kf5 44. Rxe7 Rxe7 45. Nxe7+ Ke6 46. Ng6 Kf5
47. Nh4+ Ke4 48. Nf3 Bf8 49. b5 Bc5 50. Kg1 Kd5 51. Kf1 Kc4 52. Ke2 Kxb5 53.
Ne5 Kb6 54. Nd7+ 1-0

[Event "Lichtenrader Herbst"]
[Site "Berlin"]
[Date "2018.11.04"]
[Round "9.26"]
[White "Haugli, Petter"]
[Black "Riering, Berthold"]
[Result "1-0"]
[WhiteElo "2238"]
[BlackElo "1961"]
[PlyCount "57"]
[EventDate "2018.??.??"]
[WhiteTeam "Moss Schakklub"]
[BlackTeam "SchVgg Blankenese von 1923 e.V."]

1. c4 e5 2. Nc3 Nf6 3. g3 d5 4. cxd5 Nxd5 5. Bg2 Nb6 6. d3 Be7 7. Be3 O-O 8.
Rc1 Re8 9. Qc2 Nc6 10. Bxc6 bxc6 11. Nf3 Bf8 12. O-O Bb7 13. Ne4 Nd7 14. Qb3
Qc8 15. Nfg5 h6 16. Qxf7+ Kh8 17. Ne6 Nf6 18. Nxf6 Qxe6 19. Qxe6 Rxe6 20. Ne4
a5 21. Bc5 Ree8 22. Bxf8 Rxf8 23. Rc5 Rfe8 24. Rfc1 a4 25. a3 Kg8 26. R1c4 Ra6
27. Nc3 Rb6 28. Nxa4 Rb5 29. Rxb5 1-0

[Event "Lichtenrader Herbst"]
[Site "Berlin"]
[Date "2018.11.04"]
[Round "9.28"]
[White "Schumann, Rabea"]
[Black "Wierzbicki, Jirawat"]
[Result "1/2-1/2"]
[WhiteElo "1903"]
[BlackElo "2199"]
[PlyCount "42"]
[EventDate "2018.??.??"]
[WhiteTeam "SG Güstrow/Teterow"]
[BlackTeam "SK König Tegel 1949 e.V."]

1. c4 e5 2. g3 Nf6 3. Bg2 d5 4. cxd5 Nxd5 5. Nc3 Nb6 6. Nf3 Nc6 7. O-O Be7 8.
a3 O-O 9. d3 Be6 10. Be3 Nd5 11. Nxd5 Bxd5 12. Rc1 f6 13. Qa4 Kh8 14. b4 a6 15.
Bc5 Qe8 16. Qc2 Bd6 17. e4 Bf7 18. d4 exd4 19. Nxd4 Nxd4 20. Bxd4 Rc8 21. Bc5
Bxc5 1/2-1/2

[Event "Lichtenrader Herbst"]
[Site "Berlin"]
[Date "2018.11.04"]
[Round "9.30"]
[White "Kather, Yannick"]
[Black "Tham, Minh"]
[Result "1/2-1/2"]
[WhiteElo "2136"]
[BlackElo "1931"]
[PlyCount "41"]
[EventDate "2018.??.??"]
[WhiteTeam "SC Weisse Dame e.V."]
[BlackTeam "SC Weisse Dame e.V."]

1. e4 e5 2. Nf3 Nc6 3. Bb5 a6 4. Ba4 Nf6 5. O-O Be7 6. Re1 b5 7. Bb3 d6 8. c3
O-O 9. d4 Bg4 10. d5 Nb8 11. Nbd2 Re8 12. Nf1 Bf8 13. Bg5 Be7 14. h3 Bh5 15.
Ng3 Bg6 16. Nh4 Nbd7 17. Nhf5 Nc5 18. Bc2 Nxd5 19. Nxe7+ Nxe7 20. Nf5 f6 21.
Be3 1/2-1/2